| 000 | 01047nmc a2200325 a 4500 | ||
|---|---|---|---|
| 003 | AR-BaBNM | ||
| 005 | 20251128203644.0 | ||
| 008 | 027019s1959 ||||||||||||||000 | spa|| | ||
| 040 | _cAR-BaBNM | ||
| 100 | 1 | _aRobin, Gilbert | |
| 245 | 1 | 0 | _aLas dificultades escolares en el niño y su tratamiento |
| 250 | _a2ª ed. | ||
| 260 |
_aBarcelona _bLuis Miracle _c1959 |
||
| 300 | 0 |
_a140 p. _btablas |
|
| 490 | 0 |
_aPAIDEIA. Biblioteca práctica de psicología y psicopatología de la infancia _vv. 8 |
|
| 500 | 0 | _aContiene referencias bibliográficas en notas a pie de página | |
| 650 | 4 | _aDETECCION DE DEFICIENCIAS | |
| 650 | 4 | _aDIFICULTADES EN EL APRENDIZAJE | |
| 650 | 4 | _aDIFICULTAD EN LA LECTURA | |
| 650 | 4 | _aFATIGA | |
| 650 | 4 | _aPSICOLOGIA DEL NINO | |
| 650 | 4 | _aDIFERENCIAS INDIVIDUALES | |
| 650 | 4 | _aTESTS PARA NINOS | |
| 653 | 0 | _aPROCESO DE ENSENANZA-APRENDIZAJE | |
| 653 | 0 | _aORIENTACION EDUCATIVA | |
| 700 | 1 |
_aMartínez de Salinas, Pablo _etraductor |
|
| 800 | 1 |
_aHeuyer, G. _edirector |
|
| 942 | _cBK | ||
| 998 | _csilvi | ||
| 999 |
_c4347 _d4347 |
||